The march on Paris and the battle of the Marne, 1914, (Record no. 552449)

000 -LEADER
fixed length control field 00738cam a22001691 4500
082 ## - DEWEY DECIMAL CLASSIFICATION NUMBER
Classification number 940.4
Author Mark KLU
-- D
100 1# - MAIN ENTRY--PERSONAL NAME
Personal name Kluck, Alexander von,
9 (RLIN) 49661
245 14 - TITLE STATEMENT
Title The march on Paris and the battle of the Marne, 1914,
Statement of responsibility, etc. by Alexander von Kluck...with portrait and maps and notes by the Historical section (Military branch) of the Committee of imperial defence.
260 ## - PUBLICATION, DISTRIBUTION, ETC.
Place of publication, distribution, etc. London,
Name of publisher, distributor, etc. E. Arnold,
Date of publication, distribution, etc. 1920.
300 ## - PHYSICAL DESCRIPTION
Extent xii, 175 p.
Other physical details front. (port.) 3 maps (2 fold.; 1 in pocket)
Dimensions 23 cm.
526 ## - STUDY PROGRAM INFORMATION NOTE
Program name 0
Interest level 0
Reading level 0
Title point value 940_400000000000000_KLU
650 #0 - SUBJECT ADDED ENTRY--TOPICAL TERM
Topical term or geographic name entry element Marne, 1st Battle of the, France, 1914.
9 (RLIN) 49596
650 #0 - SUBJECT ADDED ENTRY--TOPICAL TERM
Topical term or geographic name entry element MCE
9 (RLIN) 379
650 #0 - SUBJECT ADDED ENTRY--TOPICAL TERM
Topical term or geographic name entry element World War, 1914-1918
General subdivision Campaigns
Geographic subdivision Western Front.
9 (RLIN) 49302
710 1# - ADDED ENTRY--CORPORATE NAME
Corporate name or jurisdiction name as entry element Great Britain.
9 (RLIN) 39715
942 ## - ADDED ENTRY ELEMENTS (KOHA)
Source of classification or shelving scheme
Koha item type Book
Holdings
Withdrawn status Lost status Source of classification or shelving scheme Damaged status Not for loan Permanent Location Current Location Shelving location Date acquired Total Checkouts Full call number Barcode Date last seen Price effective from Koha item type
          Military College of Engineering (MCE) Military College of Engineering (MCE)   01/15/2015   940.4 KLU MCE-ecm/107 01/15/2015 01/15/2015 Book
© 2023 Central Library, National University of Sciences and Technology. All Rights Reserved.